01001 2200217 4500001002100000005001500021035002000036007000300056008004100059020002200100082001000122084001600132100001300148245002900161250001100190260003100201300004000232500046200272600002400734990002500758INLIS00000000000088120220929094812 a0010-0922000118ta220929 c 1 ind  a979-979-22-3152-6 a839.7 a839.7 LIN l1 aLindgren1 aLOTTA /cAstrid Lindgren aCet. 3 aJakarta :bGramedia,c2007 a184 hlm :bTerdapat Gambar ;c20 cm aJonas, Maria dan Lotta adalah anak-anak keluarga Nyman. Mereka anak-anak yang cerdas dan banyak akalnya. Kalau ada mereka, apa saja bisa terjadi. Terjatuh dari jendela, tercebur ke danau, berhujan-hujan agar cepat besar - seperti tanaman - dan macam-macam lagi. Anak-anak yang lincah dan periang ini membuat siapa saja yang mengenalnya tertawa, tetapi kadang-kadang, juga kalang kabut. terutama Lotta, si bungsu yang lucu dan ulahnya tak pernah bisa diduga. 4aKesusastraan Swedia a01652/PSMUH/Hib/2022